00466 2200193 4500245004400000020002200044250001100066100001900077700000900096700002100105650001700126005001900143260003100162041001400193084001300207300003200220336000900252338001100261 aBeelzebub Vol. 16cTamura, RyuheihText a978-602-02-5202-5 aCet. 1 aTamura, Ryuhei aSari aAnindhita Raghia aKomik Jepang a20230206110702 aJakartabPT Gramediac2014 aIndonesia a741.5592 a... jil. :bilus. ;c17 cm. atext avolume